| 000 | 00848nam a2200229 a 4500 | ||
|---|---|---|---|
| 001 | BRCA_2268 | ||
| 005 | 20190320203734.0 | ||
| 008 | 920110s2006####ne-a######---#000-0#spa-# | ||
| 041 | _aspa | ||
| 044 | _ane | ||
| 050 | 4 |
_aTR820 _b.W67 2006 |
|
| 245 | 1 | 0 |
_aWorld Press Photo 06 _ceditor Elsbeth Schouten ; traducción Silvana Laguardia. |
| 260 |
_aÁmsterdam _bFundación World Press Photo _c2006 |
||
| 300 |
_a156 p. _bil. (algunas a color) _c30 cm. |
||
| 500 | _aCatálogo de la exposición realizada en el Museo Franz Mayer (Ciudad de México), 12 octubre - 12 noviembre, 2006 | ||
| 500 | _aIncluye lista de países participantes | ||
| 650 | 1 | 4 |
_aFotoperiodismo _vExposiciones _xPremios _95406 |
| 650 | 1 | 4 |
_aFotografía _vExposiciones _xPremios _95407 |
| 700 | 1 |
_aSchouten, Elsbeth _96807 |
|
| 700 | 1 |
_aLaguardia, Silvana _95408 |
|
| 942 |
_2lcc _cB |
||
| 999 |
_c2016 _d2016 |
||